01147nac a22003497a 4500001001000000003000900010005001700019008003400036040005400070072000800124090001900132100002300151100001800174100001900192110003900211245006200250260003600312300000900348490007600357500001300433650001300446650002500459650000900484650002700493650001200520650001400532650002200546909004700568942001700615999001900632952014600651BR0300389BR-BrBNA20240105122730.0230509b bl.|||m| |||| 00| 0 por d aBR-BrBNAbporcBiblioteca Nacional de Agricultura aF01 a1190 BR03003891 aQueiroz, J.A.L. de1 aMachiutti, S.1 aBianchetti, A.1 aEMBRAPA Amapá, AP (Brasil)935491 aProdução de mudas de açaí em viveiros na floresta3 aMacapá, AP (Brasil): c2001.  a6 p. aComunicado Técnico - EMBRAPA Amapá (Brazil)vno. 56xISSN 1517-4077 a5 illus. aAÇAÍ aPRODUÇÃO VEGETAL aMUDA aREPRODUÇÃO VEGETAL aPARCELA aSEMEADURA aVIVEIRO FLORESTAL a202312bLúcia Elandec55dLúcia Elande 2AGRISn0cMS c292563d292563 002AGRIS40708Acervo Gerala41918b41918cAGROBASEl0o1190 BR0300389p1190 BR0300389r2023-12-18yMSePortaria Interministerial nº 164/94